[Event "Grapevine FOCC AFO op 62nd"]
[Site "Grapevine"]
[Date "2021.10.10"]
[Round "4"]
[White "Keough, Robert W"]
[Black "Donovan, Michael E"]
[Result "1-0"]
[WhiteElo "2087"]
[BlackElo "1595"]
[PlyCount "99"]
[EventDate "2021.10.09"]
[EventType "swiss"]
[EventRounds "5"]
[EventCountry "USA"]
[SourceTitle "EXT 2023"]
[Source "ChessBase"]
[SourceDate "2022.10.05"]
[SourceVersion "1"]
[SourceVersionDate "2022.10.05"]
[SourceQuality "1"]

1. e4 e5 2. Nf3 Nc6 3. Bc4 Nf6 4. d3 Be7 5. 0-0 d6 6. c3 0-0 7. Re1 Na5 8. Bb5 Bd7 9. Bxd7 Qxd7 10. d4 Nc6 11. d5 Nd8 12. c4 c5 13. Nc3 Ne8 14. Qd3 g6 15. Bh6 Ng7 16. Rab1 f6 17. a3 Nf7 18. Bxg7 Kxg7 19. b4 b6 20. b5 Nh6 21. Nd2 f5 22. f3 Bg5 23. Nb3 f4 24. a4 Bd8 25. Ra1 Nf7 26. Re2 Bc7 27. a5 Qd8 28. Rea2 bxa5 29. Nxa5 Bxa5 30. Rxa5 Qb6 31. Ra6 Qb7 32. Ne2 Qe7 33. b6 Qh4 34. bxa7 Rfd8 35. Nc3 Rd7 36. Nb5 Nh6 37. Nxd6 Ng8 38. Qa3 Qe7 39. Qxc5 Rc7 40. Qa3 Nf6 41. c5 Qd7 42. Nc4 Qb5 43. Nxe5 Rxc5 44. Rxf6 Kxf6 45. Nd7+ Qxd7 46. Qxc5 Qb7 47. Qd4+ Kf7 48. e5 Rd8 49. Qxf4+ Kg8 50. Qd4 1-0

[Event "Red River Shootout 18th"]
[Site "ICC INT"]
[Date "2020.04.18"]
[Round "2.1"]
[White "Donovan, Michael E"]
[Black "Temple, Judson L"]
[Result "1-0"]
[WhiteElo "1595"]
[BlackElo "1855"]
[PlyCount "87"]
[EventDate "2020.04.18"]
[EventType "team-match (rapid)"]
[EventRounds "2"]
[EventCountry "USA"]
[SourceTitle "CBM 195 Extra"]
[Source "ChessBase"]
[SourceDate "2020.05.31"]
[SourceVersion "1"]
[SourceVersionDate "2020.05.31"]
[SourceQuality "1"]
[WhiteTeam "Texas"]
[BlackTeam "Oklahoma"]
[WhiteTeamCountry "USA"]
[BlackTeamCountry "USA"]

1. e4 c5 2. c3 Nf6 3. e5 Nd5 4. d4 cxd4 5. Nf3 d6 6. cxd4 e6 7. Bc4 Nc7 8. 0-0 Nc6 9. Bf4 Be7 10. Nc3 0-0 11. Rc1 dxe5 12. dxe5 b6 13. Re1 Bb7 14. Qe2 Nd4 15. Nxd4 Qxd4 16. Bg3 Qc5 17. Ne4 Qa5 18. a3 b5 19. Bd3 Rac8 20. Nd6 Bxd6 21. exd6 Nd5 22. Bxb5 Rb8 23. Bc6 Bxc6 24. Rxc6 Qd8 25. Rec1 Re8 26. d7 Re7 27. Bxb8 Rxd7 28. Rc8 Nf4 29. Rxd8+ Rxd8 30. Bxf4 h6 31. g3 Kf8 32. Qa6 Rd7 33. Qc8+ Ke7 34. Rc7 Rxc7 35. Qxc7+ Kf6 36. h4 g5 37. Be5+ Kg6 38. Kg2 gxh4 39. gxh4 h5 40. Qc2+ Kh6 41. Qd2+ Kg6 42. Qg5+ Kh7 43. Qxh5+ Kg8 44. Qh8# 1-0